Most common street names in the US - Statistics

General Stats
  • This quiz has been taken 74 times
  • The average score is 13 of 20
Answer Stats
Total occurrences Answer % Correct
~8,186 Fifth
90%
~9,190 Fourth
90%
~10,866 Second
90%
~10,131 Third
90%
~9,898 First
89%
~7,283 Sixth
89%
~7,664 Main
87%
~6,377 Seventh
87%
~5,524 Eighth
85%
~4,908 Ninth
82%
~4,974 Washington
77%
~6,946 Oak
60%
~5,233 Elm
55%
~6,103 Maple
47%
~6,170 Pine
45%
~4,901 Lake
32%
~8,926 Park
29%
~4,877 Hill
18%
~5,644 Cedar
8%
~5,202 View
0%
No matching quizzes found
Score Distribution
Percent of People with Each Score
Percentile by Number Answered
Your Score History
You have not taken this quiz